A letter to Amy

Bibliographic Details
Main Author: Keats, Ezra Jack (Author, Illustrator)
Format: Book
Published: Daejeon, Korea : Sensee 2021
Edition:Braille edition
Subjects:

MARC

LEADER 00000cam a2200000 7i4500
001 0000095236
005 20250528094726.0
008 250528 eng
020 |a 9791192503318 (  |q (hardback)) 
040 |e rda 
041 |a English 
090 0 0 |a JF   |b ENG 
100 1 |a Keats, Ezra Jack ,   |e (author) 
245 1 2 |a A letter to Amy   |c Ezra Jack Keats 
250 |a Braille edition 
264 1 |a Daejeon, Korea :   |b Sensee   |c 2021 
300 |a 39 pages :   |b colour illustrations ;   |c 24 x 26 cm. 
336 |a text  |2 rdacontent 
337 |a unmediated  |2 rdamedia 
338 |a volume  |2 rdacarrier 
500 |a Children ages 7-9 years old (orange) 
541 |c Purchased on 2024   |f 24/153 KPM   |h RM179.40 
650 1 0 |a Braille books 
650 2 0 |a Children's stories,English 
700 1 |a Keats, Ezra Jack ,   |e (illustrator) 
710 0 |a Sensee   |e (Braille embosser) 
999 |a 0001809393   |b Book   |c Braille   |e Perbadanan Perpustakaan Awam Johor